000 00911cam a22003014a 4500
008
020 _a0192632183 (pbk.)
049 _aMAIN
090 _aRD51
_bHAT
100 1 _aHatfield, Anthea.
245 1 4 _aThe complete recovery room book /
_cAnthea Hatfield and Michael Tronson.
250 _a3rd ed.
260 _aOxford :
_bOxford University Press,
_c2001.
300 _axii, 586 p. :
_bill. ;
_c24 cm.
440 0 _aOxford medical publications.
500 _aIncludes index.
504 _aIncludes bibliographical references.
650 0 _aPostoperative care.
650 0 _aRecovery rooms.
650 2 _aPostanesthesia Nursing
_xmethods.
650 2 _aAnesthesia Recovery Period.
700 1 _aTronson, Michael
907 _a.b10269903
_b29-01-14
_c16-10-09
003
005 20230120204022.0
040 _cNUST
942 _cBOOKS
_kRD51
_mHAT
999 _c115660
_d115660